Portman Building Society v Hamlyn Taylor Neck (Record no. 55558)
[ view plain ]
| 000 -LEADER | |
|---|---|
| fixed length control field | 01602cab a2200265 4500 |
| 001 - CONTROL NUMBER | |
| control field | ABS59221 |
| 008 - FIXED-LENGTH DATA ELEMENTS--GENERAL INFORMATION | |
| fixed length control field | 090401t1998 xxu||||| |||| 00| 0 eng d |
| 035 ## - SYSTEM CONTROL NUMBER | |
| System control number | (Sirsi) u88000 |
| 041 ## - LANGUAGE CODE | |
| Language code of text/sound track or separate title | eng |
| 245 ## - TITLE STATEMENT | |
| Title | Portman Building Society v Hamlyn Taylor Neck |
| 260 ## - PUBLICATION, DISTRIBUTION, ETC. | |
| Date of publication, distribution, etc. | 1998 |
| 350 ## - PRICE (NR) (BK AM CF MU VM SE) [OBSOLETE] | |
| Price | 0 |
| 490 ## - SERIES STATEMENT | |
| Series statement | Estates Gazette |
| Volume/sequential designation | [1998] 31 EG 102-105(4) |
| 520 ## - SUMMARY, ETC. | |
| Summary, etc. | CA 22 April 1998. P loaned £93,000 to B upon security of a property, subject to a strict condition that the property would be used solely for B`s private occupation. Having discoverd B was using the property as a guest house, P recovered possession and sold the property at a loss. The defendant solictors (H) had acted for B and had completed a standard form of report on title confirming that P`s conditions of advance had been complied with. H did not tell P that the purchase had been apportioned between the property and goodwill of the business. P sought to recover its losses from H. The Vice-Chancellor struck out the claim and P appealed. "Held" a restitutionary remedy requires that a person has been unjustly enriched at the expense of the plaintiff. H had not been enriched by receipt of the advance. H was liable to account for the money but there was nothing due to P if an account was taken. Appeal dismissed. |
| 650 ## - SUBJECT ADDED ENTRY--TOPICAL TERM | |
| Topical term or geographic name entry element | BUSINESS USE |
| 650 ## - SUBJECT ADDED ENTRY--TOPICAL TERM | |
| Topical term or geographic name entry element | CONDITIONS |
| 650 ## - SUBJECT ADDED ENTRY--TOPICAL TERM | |
| Topical term or geographic name entry element | MORTGAGE ADVANCES |
| 650 ## - SUBJECT ADDED ENTRY--TOPICAL TERM | |
| Topical term or geographic name entry element | NON-COMPLIANCE |
| 650 ## - SUBJECT ADDED ENTRY--TOPICAL TERM | |
| Topical term or geographic name entry element | RESIDENTIAL USE |
| 650 ## - SUBJECT ADDED ENTRY--TOPICAL TERM | |
| Topical term or geographic name entry element | RESTITUTION |
| 650 ## - SUBJECT ADDED ENTRY--TOPICAL TERM | |
| Topical term or geographic name entry element | SOLICITORS |
| 690 ## - LOCAL SUBJECT ADDED ENTRY--TOPICAL TERM (OCLC, RLIN) | |
| Topical term or geographic name as entry element | MANAGEMENT-BUSINESS MANAGEMENT-PROFESSIONAL PRACTICE |
| 942 ## - ADDED ENTRY ELEMENTS (KOHA) | |
| Suppress in OPAC | 0 |
| 948 ## - LOCAL PROCESSING INFORMATION (OCLC); SERIES PART DESIGNATOR (RLIN) | |
| c (OCLC) | 14/08/1998 |
| Withdrawn status | Lost status | Source of classification or shelving scheme | Damaged status | Not for loan | Home library | Current library | Shelving location | Date acquired | Total Checkouts | Full call number | Barcode | Date last seen | Copy number | Price effective from | Koha item type |
|---|---|---|---|---|---|---|---|---|---|---|---|---|---|---|---|
| Dewey Decimal Classification | London | London | Journal article | 14/09/1999 | ABS59221 | 88000-1001 | 06/08/2019 | 1 | 06/08/2019 | Law report |